The International Law Commission fifty years after : (Record no. 239701)
[ view plain ]
| 000 -LEADER | |
|---|---|
| fixed length control field | 00729nam a22001937a 4500 |
| 003 - CONTROL NUMBER IDENTIFIER | |
| control field | BD-DhUL |
| 005 - DATE AND TIME OF LATEST TRANSACTION | |
| control field | 20180327121112.0 |
| 008 - FIXED-LENGTH DATA ELEMENTS--GENERAL INFORMATION | |
| fixed length control field | 180327s2000 nyu||||| |||| 00| 0 eng |
| 040 ## - CATALOGING SOURCE | |
| Original cataloging agency | BD-DhUL |
| Transcribing agency | BD-DhUL |
| 082 ## - DEWEY DECIMAL CLASSIFICATION NUMBER | |
| Classification number | 341.23 |
| Item number | UNI |
| 110 2# - MAIN ENTRY--CORPORATE NAME | |
| Corporate name or jurisdiction name as entry element | United Nations |
| 245 0# - TITLE STATEMENT | |
| Title | The International Law Commission fifty years after : |
| Remainder of title | an evaluation / |
| Statement of responsibility, etc. | United Nations |
| 260 ## - PUBLICATION, DISTRIBUTION, ETC. (IMPRINT) | |
| Place of publication, distribution, etc. | New York : |
| Name of publisher, distributor, etc. | United Nations, |
| Date of publication, distribution, etc. | 2000 |
| 300 ## - PHYSICAL DESCRIPTION | |
| Extent | xii, 214 p. ; |
| Dimensions | 22 cm |
| 500 ## - GENERAL NOTE | |
| General note | "Proceeding of the seminar held to commemorate the fiftieth anniversary of the International Law Commission, 21-22 April 1998" |
| 504 ## - BIBLIOGRAPHY, ETC. NOTE | |
| Bibliography, etc | Includes bibliographical conferences |
| 651 #0 - SUBJECT ADDED ENTRY--GEOGRAPHIC NAME | |
| Geographic name | United Nations |
| General subdivision | International Law Commision |
| 942 ## - ADDED ENTRY ELEMENTS (KOHA) | |
| Source of classification or shelving scheme | |
| Koha item type | Books |
| Price effective from | Date last seen | Permanent Location | Not for loan | Date acquired | Source of classification or shelving scheme | Koha item type | Lost status | Withdrawn status | Source of acquisition | Collection code | Damaged status | Shelving location | Barcode | Current Location | Full call number |
|---|---|---|---|---|---|---|---|---|---|---|---|---|---|---|---|
| 2018-03-27 | 2018-03-27 | Dhaka University Library | Not For Loan | 2018-03-27 | Books | Gift | Non Fiction | UN Collection | D21459 | Dhaka University Library | 341.23 UNI |
